Statistics for Canadian Provinces in Order by Population

Click here to take the quiz!

General Stats

  • This quiz has been taken 230 times
  • The average score is 12 of 13

Answer Stats

PopulationProvince% Correct
13,448,494Ontario
100%
8,164,361Quebec
100%
4,648,055British Columbia
98%
4,067,175Alberta
96%
1,278,365Manitoba
93%
1,098,352Saskatchewan
91%
923,598Nova Scotia
89%
747,101New Brunswick
84%
519,716Newfoundland and Labrador
84%
142,907Prince Edward Island
83%
35,874Yukon
79%
41,786Northwest Territories
78%
35,944Nunavut
77%

Score Distribution

Percentile by Number Answered

Percent of People with Each Score

Your Score History

You have not taken this quiz